000 00357nam a2200109Ia 4500
008 211018s9999 xx 000 0 und d
082 _a-
100 _aAngle Player
245 _aAngel Pro Classic, Talking Digital Pocket Daisy Player, E Book Reader, MP3 FM, Movie Player, Voice Recorder
260 _aMumbai
_bIndex Assistive Technologies
_c2018
942 _cAP
999 _c83963
_d83963